مكتبة جامعة عجلون الوطنية

فهرس بحث المكتبة

Normal view MARC view
  • امن البيانات-الجرائم الحاسوبية-ادارة المخاطر-حماية البيانات

Entry Topical Term

Number of records used in: 1

001 - CONTROL NUMBER

  • control field: 63401

003 - CONTROL NUMBER IDENTIFIER

  • control field: JO-AjAnu

005 - DATE AND TIME OF LATEST TRANSACTION

  • control field: 20230606084341.0

008 - FIXED-LENGTH DATA ELEMENTS

  • fixed length control field: 230606|| aca||aabn | a|a d

040 ## - CATALOGING SOURCE

  • Original cataloging agency: JO-AjAnu
  • Transcribing agency: JO-AjAnu

150 ## - HEADING--TOPICAL TERM

  • Topical term or geographic name entry element: امن البيانات-الجرائم الحاسوبية-ادارة المخاطر-حماية البيانات

670 ## - SOURCE DATA FOUND

  • Source citation: Work cat.: (JO-AjAnu)32325: اللقاني، عبد الرحمن علي, author 63400, ادارة مخاطر الامن السيبراني المتكامل